| 000 | 00400nam a2200169Ia 4500 | ||
|---|---|---|---|
| 008 | 210719s2002 xx 000 0 und d | ||
| 041 | _aeng | ||
| 082 | _a512KAK CHAM | ||
| 100 | _aCHATTERJI (P N) | ||
| 245 | _aModern algebra. Ed.15 | ||
| 250 | _a15 | ||
| 260 |
_aMeerut _bRajhans Prakashan Mandir _c2002 |
||
| 300 |
_a96... _bPB |
||
| 365 |
_b110 _cRs |
||
| 650 | _aAlgebra | ||
| 906 | _aAlgebra | ||
| 999 |
_c213716 _d213716 |
||